Zawód, którego przedstawiciele dużo rozmawiają z ludźmi, choć nie na t - Statystyki

Ogólne statystyki
  • Ten quiz został rozwiązany 6 razy
  • Średni wynik to 2 z 5
Statystyki odpowiedzi
Odpowiedź % Poprawnych
Policjant
67%
Sprzedawca
67%
Fryzjer
33%
Taksówkarz
33%
Ksiądz
17%
Nie znaleziono quizów pasujących do podanych kryteriów
Rozkład punktacji
Procent ludzi z każdym wynikiem
Percentyl według liczby udzielonych odpowiedzi
Twoja historia wyników
Nie rozwiązałeś tego quizu